Su hijo (Registro nro. 2673)

Detalles MARC
000 -CABECERA
Longitud fija campo de control 00772nam a2200241Ia 4500
005 - • FECHA Y HORA DE LA ÚLTIMA TRANSACCIÓN
Fecha y hora de la última transacción 20220316235936.0
008 - • CÓDIGOS DE INFORMACIÓN DE LONGITUD FIJA
Códigos de información de longitud fija 141017s1994 ck a gr 000 0 spa
020 ## - • NÚMERO INTERNACIONAL NORMALIZADO PARA LIBROS
Número Internacional Normalizado para Libros (ISBN) 9580427739
041 0# - • CÓDIGO DE LENGUA
Código de lengua del texto/banda sonora o título independiente spa
082 04 - • NÚMERO DE LA CLASIFICACIÓN DECIMAL DEWEY
Número de clasificación (R) 155.4
Número del ítem B71S
040 ## - FUENTE DE LA CATALOGACIÓN
Centro catalogador de origen CO-BoRNBP
Lengua de catalogación spa
Normas de descripción rda
Centro transcriptor CO-BoRNBP
100 1# - • PUNTO DE ACCESO PRINCIPAL-NOMBRE DE PERSONA
Nombre de persona Brazelton, T. Berry
245 10 - • TITULO PROPIAMENTE DICHO
Título Su hijo
Resto del título momentos claves en su desarrollo desde el período prenatal hasta los seis años
Mención de responsabilidad, etc. T. Berry Brazelton
250 ## - • MENCIÓN DE EDICIÓN
Mención de edición Primera edición
264 ## - PRODUCCIÓN, PUBLICACIÓN , DISTRIBUCIÓN, FABRICACIÓN Y COPYRIGHT
Lugar de producción, publicación, distribución, fabricación Bogotá
Nombre del productor, editor, distribuidor, fabricante Norma
Fecha de de producción, publicación, distribución, fabricación o copyright 1994
300 ## - • DESCRIPCIÓN FÍSICA
Extensión 542 páginas
Otras características físicas ilustraciones
Dimensiones 24 cm
336 ## - TIPO DE CONTENIDO
Término de tipo de contenido texto
Código de tipo de contenido txt
Fuente rdacontent
337 ## - TIPO DE MEDIO
Nombre del tipo de medio sin mediación
Código del tipo de medio n
Fuente rdamedia
338 ## - TIPO DE SOPORTE
Nombre del tipo de soporte volumen
Código del tipo de soporte nc
Fuente rdacarrier
650 14 - • PUNTO DE ACCESO ADICIONAL DE MATERIA - TÉRMINO DE MATERIA
Término de materia o nombre geográfico como elemento inicial Niños
Subdivisión de materia general Cuidado e higiene
Fuente del encabezamiento o término LEMB
650 14 - • PUNTO DE ACCESO ADICIONAL DE MATERIA - TÉRMINO DE MATERIA
Término de materia o nombre geográfico como elemento inicial Pediatría
Fuente del encabezamiento o término LEMB
942 ## - ENTRADA DE ELEMENTOS AGREGADOS (KOHA)
Fuente de clasificaión o esquema Dewey Decimal Classification
Koha [por defecto] tipo de item LIbro
Existencias
Perdido Fuente de clasificación o esquema Estado Físico No para préstamo Forma de adquisición Localización permanente Localización actual Localización en estanterías Fecha adquisición Préstamos totales Signatura completa Código de barras Fecha última consulta Número de copia Fecha del precio de reemplazo Tipo de item de Koha Calificador de ubicación codificada Fecha último préstamo
  Dewey Decimal Classification     Colección General Biblioteca Pública Cubarral Biblioteca Pública Cubarral General 08/03/2023   155.4 B71S CUB02128 08/03/2023 Ej.1 08/03/2023 LIbro    
  Dewey Decimal Classification       Biblioteca Pública Cumaral - Alvaro Garzon Torres Biblioteca Pública Cumaral - Alvaro Garzon Torres   05/09/2025   155.4 B71S MECUM00029 05/09/2025 Ej.1 05/09/2025 LIbro SALA GENERAL 2A  
  Dewey Decimal Classification     Colección General Biblioteca Pública José Eustasio Rivera - San Martin Biblioteca Pública José Eustasio Rivera - San Martin General 03/25/2023   155.4 B71s SM00896 03/25/2023 Ej.1 03/25/2023 LIbro    
  Dewey Decimal Classification     Colección General Biblioteca Pública Lejanias Biblioteca Pública Lejanias General 06/02/2023   155.4 B71S LEJ00088 06/02/2023 Ej.1 06/02/2023 LIbro    
  Dewey Decimal Classification     Colección General Biblioteca Pública Puerto López - Jorge Eliecer Gaitán Biblioteca Pública Puerto López - Jorge Eliecer Gaitán General 04/09/2025   155.4 B71S PLZ00134 04/09/2025 Ej.1 04/09/2025 LIbro    
  Dewey Decimal Classification     Colección General Biblioteca Pública Barranca de Upia - María Dolores Herrera Biblioteca Pública Barranca de Upia - María Dolores Herrera General 10/12/2023   155.4 B71s BUP01084 10/12/2023 Ej.1 10/12/2023 LIbro    
  Dewey Decimal Classification     Colección General Biblioteca Pública Cabuyaro Biblioteca Pública Cabuyaro General 10/03/2025   155.4 B71S CAB001326 10/03/2025 Ej.1 10/03/2025 LIbro    
  Dewey Decimal Classification     Colección General Biblioteca Pública San Juan de Arama - Concepción de Arama Biblioteca Pública San Juan de Arama - Concepción de Arama General 06/23/2023   155.4 B71S SJA00316 06/23/2023 Ej.1 06/23/2023 LIbro    
  Dewey Decimal Classification     Colección General Biblioteca Pública Vistahermosa Biblioteca Pública Vistahermosa General 06/14/2023   155.4 B71s VIS00075 06/14/2023 Ej.1 06/14/2023 LIbro    
  Dewey Decimal Classification     Colección General Biblioteca Pública Cumaral - Alvaro Garzon Torres REDMETA General 05/06/2024 1 155.4B71.s MECUM000029 05/22/2024 Ej.1 05/06/2024 LIbro SALA GENERAL 2A 05/22/2024









Instituto Departamental de Cultura del Meta - Red Departamental de Bibliotecas Públicas del Meta.